000 00560nam a2200241Ia 4500
003 OSt
005 20220912152617.0
006 a|||||r|||| 00| 0
007 ta
008 220909b |||||||| |||| 00| 0 eng d
024 _a39446
037 _cTextual
040 _aCSL
_beng
_cCSL
041 _aeng
082 _aB217, K8
100 _aMaher Laurence P
245 0 _aFinite sets
260 _c1968
300 _ap.
_ccm.
650 _aCombinatorial Theory
942 _hB217, K8
_cTEXL
_2CC
999 _c89468
_d89468